Statistics for VideoGame Characters (LEVEL:MEDIUM)

Click here to take the quiz!

General Stats

  • This quiz has been taken 130 times
    (121 since last reset)
  • The average score is 6 of 8

Answer Stats

HintsAnswer% Correct
blue fast hedgehogsonic the hedgehog
100%
plumber eats mushroomsmario
99%
blonde hair green costume----Legend of...link
89%
eats pellets in mazepacman
64%
Gorrila with red tie---- Mario franchisedonkey kong
64%
MCPON John-117--------H?LOMaster chief
60%
Street Fig????------- red gloves+red head bandryu
59%
big and white with big red scar like tatookratos
37%

Score Distribution

Percentile by Number Answered

Percent of People with Each Score

Your Score History

You have not taken this quiz since the last reset